Statystyki dla Gdzie ten piłkarz zakończył kariere #1

Kliknij tutaj aby rozwiązać quiz!

Ogólne statystyki

  • Ten quiz został rozwiązany 653 razy
  • Średni wynik to 8 z 15

Statystyki odpowiedzi

ZawodnikKlub% Poprawnych
Carles PuyolFC Barcelona
100%
Francesco TottiAS Roma
90%
Philipp LahmBayern Monachium
89%
Xabi AlonsoBayern Monachium
82%
Miroslav KloseLazio
77%
David BeckhamPSG
63%
Frank LampardNew York City FC
59%
Bastian SchweinsteigerChicago Fire
56%
Andrea PirloNew York City FC
56%
Pavel NedvedJuventus
55%
Luís FigoInter Mediolan
22%
Patrick VieiraManchester City
17%
Gennaro GattusoFC Sion
15%
Clarence SeedorfBotafogo
12%
Michael OwenStoke City
10%

Rozkład punktacji

Percentyl według liczby udzielonych odpowiedzi

Procent ludzi z każdym wynikiem

Twoja historia wyników

Nie rozwiązałeś tego quizu